Financovanie inovácií v cestovnom ruchu v Slovenskej republike z verejných zdrojov

Možnosti financovania inovácií v cestovnom ruchu v Slovenskej republike z verejných zdrojov. Zákon o investičnej pomoci č. 561/2007 Z. z., zákona o podpore cestovného ruchu č. 91/2010 Z.z. a jeho neskorších noviel. Prehľad o možnostiach získania finančných prostriedkov z verejných zdrojov.

Gespeichert in:
Bibliographische Detailangaben
1. Verfasser: Murínová, Simona
Format: Buchkapitel
Sprache:Slowakisch
Schlagworte:
Tags: Tag hinzufügen
Keine Tags, Fügen Sie das erste Tag hinzu!

MARC

LEADER 00000nla a2200000 4500
001 0156681
005 20221104125239.4
041 0 |a slo 
044 |a SK 
245 1 0 |a Financovanie inovácií v cestovnom ruchu v Slovenskej republike z verejných zdrojov  |c Simona Murínová 
520 |a Možnosti financovania inovácií v cestovnom ruchu v Slovenskej republike z verejných zdrojov. Zákon o investičnej pomoci č. 561/2007 Z. z., zákona o podpore cestovného ruchu č. 91/2010 Z.z. a jeho neskorších noviel. Prehľad o možnostiach získania finančných prostriedkov z verejných zdrojov. 
610 2 0 |a ruch cestovný 
610 2 0 |a strediská ruchu cestovného 
610 2 0 |a inovácia 
610 2 0 |a infraštruktúra 
610 2 0 |a projekty 
610 2 0 |a zdroje finančné 
610 2 0 |a dotácie 
610 2 0 |a granty 
100 1 |a Murínová, Simona